Science Quiz

Random Science or Numbers Quiz

Find the Primes and Perfect Squares! Quiz Stats

 Plays Quiz Updated Jul 9, 2016

Also try: Digits of Pi
Challenge
Share
Tweet
Score 0/35 Timer 03:00
0 Plays Today
% Correct
???
88.3%
???
87.2%
???
84.5%
???
84.4%
???
82.6%
???
79.9%
???
79.2%
???
76.9%
???
75.9%
???
75.9%
???
74.7%
???
72.9%
???
68.1%
???
67.2%
???
65.6%
???
65.2%
???
64.1%
???
63.1%
% Correct
???
61%
???
57.2%
???
57%
???
54.6%
???
53.2%
???
50.3%
???
49.9%
???
39.3%
???
32.4%
???
30.9%
???
30.8%
???
28.8%
???
27.6%
???
25.4%
???
24.6%
???
21.8%
???
20.1%

You're not logged in!

Compare scores with friends on all Sporcle quizzes.
OR
Log In

You Might Also Like...

Show Comments

Extras

Top Quizzes Today


Score Distribution

Your Account Isn't Verified!

In order to create a playlist on Sporcle, you need to verify the email address you used during registration. Go to your Sporcle Settings to finish the process.

Report this User

Report this user for behavior that violates our Community Guidelines.

Details: